[Event "Bratto op-B 27th"]
[Site "Bratto"]
[Date "2007.08.26"]
[Round "3"]
[White "Viglino, Antonio"]
[Black "Trussardi, Giuseppe"]
[Result "1-0"]
[WhiteElo "1871"]
[BlackElo "1702"]
[PlyCount "55"]
[EventDate "2007.08.24"]
[EventType "swiss"]
[EventRounds "8"]
[EventCountry "ITA"]
[SourceTitle "CBM 120 Extra"]
[Source "ChessBase"]
[SourceDate "2007.11.01"]
[SourceVersion "1"]
[SourceVersionDate "2007.11.01"]
[SourceQuality "1"]

1. Nf3 Nf6 2. c4 b6 3. g3 e6 4. Bg2 Bb7 5. 0-0 Be7 6. Nc3 c5 7. Re1 Ne4 8. Nxe4 Bxe4 9. d3 Bb7 10. e4 d6 11. d4 0-0 12. d5 Bc8 13. e5 Qc7 14. dxe6 Bxe6 15. Ng5 Nc6 16. Nxe6 fxe6 17. Qg4 Nxe5 18. Qxe6+ Kh8 19. Bxa8 Rxa8 20. Kg2 Rf8 21. f4 Ng6 22. Bd2 Rf6 23. Qd5 Qc8 24. Bc3 Rxf4 25. Bxg7+ Kxg7 26. Rxe7+ Kh8 27. Qh5 Rh4 28. Rxh7+ 1-0

[Event "Bratto op-B 27th"]
[Site "Bratto"]
[Date "2007.08.25"]
[Round "2"]
[White "Melone, Antonio"]
[Black "Viglino, Antonio"]
[Result "0-1"]
[WhiteElo "1704"]
[BlackElo "1871"]
[PlyCount "86"]
[EventDate "2007.08.24"]
[EventType "swiss"]
[EventRounds "8"]
[EventCountry "ITA"]
[SourceTitle "CBM 120 Extra"]
[Source "ChessBase"]
[SourceDate "2007.11.01"]
[SourceVersion "1"]
[SourceVersionDate "2007.11.01"]
[SourceQuality "1"]

1. d4 Nf6 2. c4 e6 3. Nf3 b6 4. g3 Ba6 5. Nbd2 Bb4 6. Bg2 Bxc4 7. Ne5 Bd5 8. Bxd5 Nxd5 9. e4 Nf6 10. Qf3 0-0 11. a3 Bxd2+ 12. Bxd2 d5 13. exd5 Qxd5 14. Rc1 Qxf3 15. Nxf3 Nd5 16. 0-0 Nd7 17. Rfe1 c5 18. Kg2 Rac8 19. b3 h6 20. h4 b5 21. Re2 c4 22. Be1 cxb3 23. Rxc8 Rxc8 24. Rb2 a6 25. Rxb3 Rc4 26. Rd3 f6 27. Bd2 N7b6 28. Rb3 Ra4 29. Bc1 Kf7 30. Kf1 Nc4 31. Ke2 e5 32. dxe5 fxe5 33. Ne1 e4 34. Nc2 Ne5 35. Ne1 Ke6 36. Bb2 g6 37. Bc1 h5 38. Bg5 b4 39. axb4 Nxb4 40. Bd2 Nbc6 41. Rb6 Kd5 42. Nc2 Nc4 43. Bc3 Nxb6 0-1

[Event "Turin Piemonte op 7th"]
[Site "Turin"]
[Date "2007.06.24"]
[Round "5"]
[White "Viglino, Antonio"]
[Black "Fittante, Giuliana"]
[Result "1-0"]
[WhiteElo "1847"]
[BlackElo "1839"]
[PlyCount "93"]
[EventDate "2007.06.21"]
[EventType "swiss"]
[EventRounds "6"]
[EventCountry "ITA"]
[SourceTitle "EXT 2010"]
[Source "ChessBase"]
[SourceDate "2010.11.25"]
[SourceVersion "1"]
[SourceVersionDate "2010.11.25"]
[SourceQuality "1"]

1. Nf3 Nf6 2. c4 e6 3. g3 d5 4. d4 Bb4+ 5. Bd2 Bxd2+ 6. Nbxd2 0-0 7. Bg2 c6 8. 0-0 Nbd7 9. Qc2 Qe7 10. Ne5 Nxe5 11. dxe5 Ng4 12. Nf3 f6 13. exf6 Qxf6 14. Rad1 Nh6 15. e4 e5 16. cxd5 Bg4 17. Rd3 cxd5 18. Rb3 Rac8 19. Qd3 d4 20. Qb5 Be6 21. Nxe5 Bxb3 22. Qxb3+ Kh8 23. Nd7 Qf7 24. Nxf8 Qxb3 25. axb3 Rxf8 26. Rd1 Rd8 27. Bf1 Ng4 28. Bc4 Ne5 29. Bd5 Nc6 30. f4 g6 31. Kf2 Kg7 32. Ke2 Kf8 33. Bxc6 bxc6 34. Ra1 Rd7 35. b4 Rb7 36. Ra4 c5 37. bxc5 Rxb2+ 38. Kd3 Rxh2 39. Kxd4 Rd2+ 40. Ke5 Rc2 41. Kd6 Rd2+ 42. Kc7 Rc2 43. c6 Ke7 44. Rxa7 Rb2 45. Kc8+ Kd6 46. c7 Ke7 47. Rb7 1-0

[Event "Turin Piemonte op 7th"]
[Site "Turin"]
[Date "2007.06.24"]
[Round "6"]
[White "Viglino, Antonio"]
[Black "Parodi, Alessandro"]
[Result "0-1"]
[WhiteElo "1847"]
[BlackElo "1988"]
[PlyCount "88"]
[EventDate "2007.06.21"]
[EventType "swiss"]
[EventRounds "6"]
[EventCountry "ITA"]
[SourceTitle "EXT 2010"]
[Source "ChessBase"]
[SourceDate "2010.11.25"]
[SourceVersion "1"]
[SourceVersionDate "2010.11.25"]
[SourceQuality "1"]

1. Nf3 Nf6 2. c4 g6 3. Nc3 Bg7 4. e4 d6 5. d4 0-0 6. Be2 c5 7. 0-0 cxd4 8. Nxd4 Nc6 9. Be3 Nd7 10. Qd2 Nde5 11. h3 Nxd4 12. Bxd4 f5 13. f4 Nc6 14. Bxg7 Kxg7 15. Rad1 e5 16. fxe5 Qb6+ 17. Kh1 dxe5 18. Nd5 Qd4 19. Qxd4 Nxd4 20. Bd3 Bd7 21. Kh2 Rf7 22. Ne3 f4 23. Nc2 Nxc2 24. Bxc2 Bc6 25. Rd6 Rf6 26. Rfd1 Rxd6 27. Rxd6 Kf7 28. Kg1 Ke7 29. Rd2 Rd8 30. Rxd8 Kxd8 31. Kf2 Ke7 32. h4 a5 33. g3 fxg3+ 34. Kxg3 Kd6 35. Kg4 h6 36. h5 Bd7+ 37. Kf3 g5 38. b3 Kc5 39. Ke3 Bg4 40. a3 Bxh5 41. Bd3 Bg4 42. Be2 Bxe2 43. Kxe2 Kd4 44. Kf3 h5 0-1

[Event "Savigliano 6th"]
[Site "Savigliano"]
[Date "2007.06.03"]
[Round "5"]
[White "Gallitto, Salvatore"]
[Black "Viglino, Antonio"]
[Result "1/2-1/2"]
[WhiteElo "1939"]
[BlackElo "1847"]
[PlyCount "176"]
[EventDate "2007.05.31"]
[EventType "swiss"]
[EventRounds "6"]
[EventCountry "ITA"]
[SourceTitle "EXT 2009"]
[Source "ChessBase"]
[SourceDate "2008.11.26"]
[SourceVersion "1"]
[SourceVersionDate "2008.11.26"]
[SourceQuality "1"]

1. d4 Nf6 2. e3 b6 3. f4 c5 4. c3 Nc6 5. Nf3 g6 6. Be2 Bg7 7. Ne5 Bb7 8. Bf3 Qc7 9. 0-0 d6 10. Nxc6 Bxc6 11. d5 Bd7 12. a4 Rd8 13. e4 e5 14. fxe5 dxe5 15. Na3 0-0 16. Nc4 Ne8 17. Bg5 f6 18. Bh4 Bc8 19. Qb3 Nd6 20. Nxd6 Rxd6 21. c4 a5 22. Qd3 Bd7 23. b3 Be8 24. g4 g5 25. Bg3 Bg6 26. Ra2 Kf7 27. Raf2 Ke7 28. Qe3 Rdd8 29. Kg2 Kd6 30. Rh1 Qe7 31. Kf1 h6 32. Ke2 Rf7 33. h3 Rh8 34. Rfh2 Rff8 35. Kd3 Be8 36. Qe2 Bd7 37. Be1 Rf7 38. Bd2 Rhf8 39. Qd1 Bc8 40. Qe2 Bd7 41. Rf2 Bc8 42. Rhf1 Bd7 43. Bc3 Bc8 44. Qd2 Bd7 45. Ke3 Rh8 46. Qb2 Rhf8 47. Ra1 Rh8 48. Qd2 Rhf8 49. Bd1 Rh8 50. Bxa5 bxa5 51. Qxa5 Bc8 52. b4 Qc7 53. Qxc7+ Kxc7 54. b5 Bd7 55. Rb2 h5 56. b6+ Kb7 57. gxh5 f5 58. a5 f4+ 59. Kf2 Ka6 60. b7 Rb8 61. Rb6+ Ka7 62. Rab1 Bxh3 63. a6 Rf6 64. d6 g4 65. Rc6 g3+ 66. Kf3 g2 67. Ba4 Bf8 68. d7 Rxc6 69. Bxc6 Bd6 70. Bb5 Rg8 71. Rg1 Bc7 72. Kf2 Ba5 73. Rd1 Rd8 74. Rd3 Be1+ 75. Kg1 Bg4 76. Kxg2 f3+ 77. Rxf3 Bxf3+ 78. Kxf3 Bd2 79. Kg4 Kb8 80. Kf5 Bf4 81. Ke6 Kc7 82. Kd5 Kb6 83. Kd6 Rh8 84. Ke6 Rh6+ 85. Kd5 Rh8 86. Ke6 Rh6+ 87. Kd5 Rh8 88. Ke6 Rh6+ 1/2-1/2

[Event "Savigliano 6th"]
[Site "Savigliano"]
[Date "2007.06.01"]
[Round "2"]
[White "Viglino, Antonio"]
[Black "Mrdja, Milan"]
[Result "0-1"]
[WhiteElo "1847"]
[BlackElo "2367"]
[PlyCount "75"]
[EventDate "2007.05.31"]
[EventType "swiss"]
[EventRounds "6"]
[EventCountry "ITA"]
[SourceTitle "EXT 2009"]
[Source "ChessBase"]
[SourceDate "2008.11.26"]
[SourceVersion "1"]
[SourceVersionDate "2008.11.26"]
[SourceQuality "1"]

1. Nf3 d5 2. d4 Nc6 3. c4 Bg4 4. Nc3 e6 5. e3 Nf6 6. cxd5 exd5 7. Bb5 Bd6 8. h3 Bd7 9. 0-0 0-0 10. a3 Re8 11. Qc2 Qe7 12. b4 a5 13. bxa5 Nxa5 14. Bd3 c6 15. Na4 Qd8 16. Nc5 Bc8 17. Bb2 b6 18. Nb3 Nxb3 19. Qxb3 Ba6 20. Rfd1 Bxd3 21. Qxd3 Ra4 22. Nd2 Qc8 23. f3 Bf8 24. e4 dxe4 25. fxe4 c5 26. d5 Nxe4 27. Nc4 Qa6 28. Rac1 Nd6 29. Ne3 Qxd3 30. Rxd3 c4 31. Rdc3 b5 32. Nc2 Ne4 33. Rf3 Raa8 34. Nd4 Bc5 35. Kh2 c3 36. Bxc3 Nxc3 37. Rcxc3 Bxd4 38. Rc7 0-1

[Event "Turin Autumn op"]
[Site "Turin"]
[Date "2006.11.??"]
[Round "2"]
[White "Viglino, Antonio"]
[Black "Llupa, Oltjon"]
[Result "1-0"]
[WhiteElo "1785"]
[BlackElo "1966"]
[PlyCount "65"]
[EventDate "2006.10.28"]
[EventType "swiss"]
[EventRounds "7"]
[EventCountry "ITA"]
[SourceTitle "EXT 2011"]
[Source "ChessBase"]
[SourceDate "2010.11.26"]
[SourceVersion "1"]
[SourceVersionDate "2010.11.26"]
[SourceQuality "1"]

1. Nf3 d5 2. c4 e6 3. d4 c6 4. g3 Nf6 5. Bg2 Bb4+ 6. Bd2 Bxd2+ 7. Nbxd2 0-0 8. 0-0 Nbd7 9. Qc2 Re8 10. e4 dxc4 11. e5 Nd5 12. Nxc4 f5 13. Nd6 Rf8 14. h4 N7b6 15. a4 Nb4 16. Qd2 N6d5 17. h5 f4 18. Rae1 b6 19. Re4 Ba6 20. Rc1 Bd3 21. Rxf4 Nxf4 22. gxf4 a5 23. Ng5 Qe7 24. Bxc6 Rad8 25. d5 Rxd6 26. exd6 Qxd6 27. Nxe6 Rc8 28. Qc3 Qe7 29. Qe5 g6 30. d6 Qf7 31. d7 Rf8 32. d8Q Rxd8 33. Nxd8 1-0